Science Quiz

Random Science Quiz

The Human Respiratory System 6A Quiz Stats

 Plays Quiz not verified by Sporcle

Score 0/12 Timer 10:00
0 Plays Today
% Correct
Lungs
92.3%
Lungs
90%
Bronchi
90%
Bronchi
90%
Bronchioles
85%
Larynx
82.5%
Alveoli
82.5%
Pharynx
77.5%
Mouth
75%
Windpipe
70%
Nostrils
65%
Diaphragm
62.5%

You're not logged in!

Compare scores with friends on all Sporcle quizzes.
Join for Free
OR
Log In

You Might Also Like...

Show Comments

Extras

Created Jan 25, 2016ReportNominate
Tags:respiratory, system

Top Quizzes Today


Score Distribution

Your Account Isn't Verified!

In order to create a playlist on Sporcle, you need to verify the email address you used during registration. Go to your Sporcle Settings to finish the process.

Report this User

Report this user for behavior that violates our Community Guidelines.

Details: